Central Library OPAC University of Rajshahi

শিক্ষা-বিজ্ঞান / (Record no. 48911)

MARC details
000 -LEADER
fixed length control field 00822nam a2200229 a 4500
001 - CONTROL NUMBER
control field 48911
003 - CONTROL NUMBER IDENTIFIER
rucl marc code BD-RjUL
005 - DATE AND TIME OF LATEST TRANSACTION
control field 20211209054615.0
008 - FIXED-LENGTH DATA ELEMENTS--GENERAL INFORMATION
fixed length control field 160817s1968 ii ||||| |||| 00| 0 ben d
020 ## - INTERNATIONAL STANDARD BOOK NUMBER
Terms of availability :TK.3.50
035 ## - SYSTEM CONTROL NUMBER
System control number (BD-RjUL)49030
040 ## - CATALOGING SOURCE
Original cataloging agency BD-RjUL
Language of cataloging ben
Transcribing agency BD-RjUL
041 ## - LANGUAGE CODE
Language code of text/sound track or separate title ben
082 ## - DEWEY DECIMAL CLASSIFICATION NUMBER
Edition number 23
Classification number 370.15
Author mark and year CHS 1968
100 ## - MAIN ENTRY--PERSONAL NAME
Personal name চৌধুরী, শ্রীযন্দ্রমোহন
9 (RLIN) 147342
245 ## - TITLE STATEMENT
Title শিক্ষা-বিজ্ঞান /
Statement of responsibility, etc. শ্রীযন্দ্রমোহন চৌধুরী
260 ## - PUBLICATION, DISTRIBUTION, ETC. (IMPRINT)
Place of publication, distribution, etc. কলকাতা :
Name of publisher, distributor, etc. শ্রী জগদীশ প্রেস,
Date of publication, distribution, etc. [1968]
300 ## - PHYSICAL DESCRIPTION
Pagination [৪], ২০৭ পৃ.;
Size ২১ সেমি.
650 ## - SUBJECT ADDED ENTRY--TOPICAL TERM
Topical term or geographic name as entry element শিক্ষা বিজ্ঞান
9 (RLIN) 134936
Topical term or geographic name as entry element Education Science
9 (RLIN) 134937
942 ## - ADDED ENTRY ELEMENTS (KOHA)
Source of classification or shelving scheme Dewey Decimal Classification
Koha item type Books
Holdings
Lost status Source of classification or shelving scheme Damaged status Not for loan Permanent Location Current Location Shelving location Date acquired Source of acquisition Cost, normal purchase price Total Checkouts Full call number Date last seen Date checked out Copy number Koha item type Collection code
  Dewey Decimal Classification     Central Library, University of Rajshahi Central Library, University of Rajshahi   18/07/1968 Nowrose, Dhaka 3.50 1 B 370.15 CHS 1968 10/10/2018 26/09/2018 C-2 Books  
  Dewey Decimal Classification   Not For Loan Central Library, University of Rajshahi Central Library, University of Rajshahi Reading Room 18/07/1968 Nowrose 3.50   B 370.15 CHS 1968 19/02/2017   C-1 Books Non-fiction